01030nam a2200277Ia 450000500170000000800410001702000180005808200130007610000360008924500970012525000180022230000650024049000460030550000430035165000410039465000360043565100380047165100440050994200120055326400490056533600270061433700330064133800280067404000350070299900150073720220317001414.0161108s2011 mx a g 000 0 spa  a978607160225104a980bC761 aNicolau dOlwer, Luisd1888-196110aCronistas de las culturas precolombinasbantologíacprólogo y notas Luis Nicolau d'Olwer a2a. edición a799 páginasbilustraciones en blanco y negro, mapasc24 cm aBiblioteca americanapcronistas de indias aIncluye índice de personas y lugares142LEMBaCulturas IndigenaszAmérica 142LEMBaHistoriadoresvBiografias aAmérica latinaxHistoria910076 aAmérica latinaxCivilización910077 2ddccBK aMéxicobFondo de Cultura Económicac2011 atextobtxt2rdacontent asin mediaciónbn2rdamedia avolumenbnc2rdacarrier aCO-BoRNBPbspaerdacCO-BoRNBP c6881d6881